Fundamentals of hydraulic engineering / (Record no. 25979)
[ view plain ]
| 000 -LEADER | |
|---|---|
| fixed length control field | 00638cam a22002055a 4500 |
| 001 - CONTROL NUMBER | |
| control field | 012590307 |
| 005 - DATE AND TIME OF LATEST TRANSACTION | |
| control field | 20180121142659.0 |
| 008 - FIXED-LENGTH DATA ELEMENTS--GENERAL INFORMATION | |
| fixed length control field | 981102s1992 enka fr f001 0 eng d |
| 020 ## - INTERNATIONAL STANDARD BOOK NUMBER | |
| International Standard Book Number | 0195107322 |
| 040 ## - CATALOGING SOURCE | |
| Original cataloging agency | StDuBDS |
| Modifying agency | Uk |
| -- | EG-ScBUE |
| Language of cataloging | eng |
| 082 04 - DEWEY DECIMAL CLASSIFICATION NUMBER | |
| Classification number | 627 |
| Edition number | 22 |
| Item number | PRA |
| 100 1# - MAIN ENTRY--PERSONAL NAME | |
| Personal name | Prasuhn, Alan L., |
| Dates associated with a name | 1938- |
| 245 10 - TITLE STATEMENT | |
| Title | Fundamentals of hydraulic engineering / |
| Statement of responsibility, etc | Alan L. Prasuhn. |
| 260 ## - PUBLICATION, DISTRIBUTION, ETC. (IMPRINT) | |
| Place of publication, distribution, etc | New York ; |
| -- | Oxford : |
| Name of publisher, distributor, etc | Oxford University Press, |
| Date of publication, distribution, etc | 1992. |
| 300 ## - PHYSICAL DESCRIPTION | |
| Extent | xi, 509 p. : |
| Other physical details | ill. ; |
| Dimensions | 24 cm. |
| 500 ## - GENERAL NOTE | |
| General note | Index : p. 503-509. |
| 650 #7 - SUBJECT ADDED ENTRY--TOPICAL TERM | |
| Topical term or geographic name as entry element | Hydraulic engineering. |
| Source of heading or term | BUEsh |
| 9 (RLIN) | 9295 |
| 653 ## - INDEX TERM--UNCONTROLLED | |
| Resource For college | Engineering, General |
| -- | Generalities |
| Arrived date list | January2018 |
| 942 ## - ADDED ENTRY ELEMENTS (KOHA) | |
| Source of classification or shelving scheme | Dewey Decimal Classification |
| Withdrawn status | Item status | Source of classification or shelving scheme | Damaged status | Not for loan | Home library | Current library | Shelving location | Date acquired | Total Checkouts | Full call number | Barcode | Date last seen | Koha item type |
|---|---|---|---|---|---|---|---|---|---|---|---|---|---|
| Dewey Decimal Classification | Central Library | Central Library | First floor | 21/01/2018 | 627 PRA | 000047144 | 15/07/2025 | Book - Borrowing |